Essentials of new product management /

Bibliographic Details
Main Author: Urban, Glen L.
Other Authors: Hauser, John R., Dholakia, Nikhilesh, 1947-
Format: Book
Language:English
Published: Englewood Cliffs, N.J. : Prentice-Hall, [1987]
Subjects:

MARC

Tag First Indicator Second Indicator Subfields
LEADER 00000cam a2200000 a 4500
001 in00000869708
005 20151019135640.0
008 860326s1987 njua b 00110 eng
010 |a  86008160  
020 |a 013286584X 
035 |a (OCoLC)13423459 
035 |9 AEK2804AM 
040 |a DLC  |c DLC  |d m/c  |d TXA  |d UtOrBLW 
049 |a TXAM  |c [A12009588] 
050 0 0 |a HF5415.153  |b .U73 1987 
082 0 |a 658.5/75  |2 19 
100 1 |a Urban, Glen L. 
245 1 0 |a Essentials of new product management /  |c by Glen L. Urban, John R. Hauser, Nikhilesh Dholakia. 
264 1 |a Englewood Cliffs, N.J. :  |b Prentice-Hall,  |c [1987] 
264 4 |c ©1987 
300 |a x, 340 pages :  |b illustrations ;  |c 24 cm. 
336 |a text  |b txt  |2 rdacontent 
337 |a unmediated  |b n  |2 rdamedia 
338 |a volume  |b nc  |2 rdacarrier 
504 |a Includes bibliographical references and index. 
650 0 |a New products  |x Management. 
700 1 |a Hauser, John R. 
700 1 |a Dholakia, Nikhilesh,  |d 1947- 
999 |a MARS 
999 f f |s a624853b-7378-38d3-8d19-69bdf6977983  |i eb5b9da6-e38a-3dbc-babf-b8cfff2a63c7  |t 0 
952 f f |p ric  |a Texas A&M University  |b Rellis Campus  |c Joint Library Facility  |d Remote Storage  |t 0  |e HF5415.I53 .U73 1987  |h Library of Congress classification  |i unmediated -- volume  |m A14812009588 
998 f f |a HF5415.I53 .U73 1987  |t 0  |l Remote Storage